00390cam a22001217a 4500008004000000082001600040100001900056245004300075260007700118300001000195440003900205650002400244180718b1959 xxu||||| |||| 00| 0 eng d aZx52 Ag85/2 aKajita, Masaru aLand reform in Japancby Masaru Kajita aTokyobAgriculture, Forestry and Fisheries Productivity Conferencec1959 a52p.. aAgricultural Development Series, 2 aLand Tenure - Japan